[Event "Titled Tuesday intern op 06th May Early"]
[Site "Chess.com INT"]
[Date "2025.05.06"]
[Round "7"]
[White "Jimenez Carrazoni, Marta Elena"]
[Black "Andrews, Todd D"]
[Result "0-1"]
[WhiteElo "1968"]
[BlackElo "2097"]
[PlyCount "48"]
[EventDate "2025.05.06"]
[EventType "swiss (blitz)"]
[EventRounds "11"]
[EventCountry "USA"]
[SourceTitle "CB20_2025"]
[SourceDate "2025.05.14"]
[SourceVersion "1"]
[SourceVersionDate "2025.05.14"]
[SourceQuality "1"]

1. e4 e6 2. d4 d5 3. Nc3 Bb4 4. a3 Bxc3+ 5. bxc3 dxe4 6. Qg4 Nf6 7. Qxg7 Rg8 8. Qh6 Rg6 9. Qd2 b6 10. Ne2 Bb7 11. Ng3 Nbd7 12. Bb5 Qe7 13. a4 a6 14. Ba3 c5 15. Bxd7+ Qxd7 16. dxc5 Qxd2+ 17. Kxd2 0-0-0+ 18. Ke2 Nd5 19. Bb2 Nf4+ 20. Kf1 Rd2 21. Rc1 e3 22. fxe3 Nxg2 23. Rg1 Rf6+ 24. Nf5 Rxf5# 0-1

[Event "Titled Tuesday intern op 06th May Early"]
[Site "Chess.com INT"]
[Date "2025.05.06"]
[Round "4"]
[White "Jimenez Carrazoni, Marta Elena"]
[Black "De Lima, Adriano Gaspar"]
[Result "1-0"]
[WhiteElo "1968"]
[BlackElo "2118"]
[PlyCount "71"]
[EventDate "2025.05.06"]
[EventType "swiss (blitz)"]
[EventRounds "11"]
[EventCountry "USA"]
[SourceTitle "CB20_2025"]
[SourceDate "2025.05.14"]
[SourceVersion "1"]
[SourceVersionDate "2025.05.14"]
[SourceQuality "1"]

1. e4 c5 2. Nf3 d6 3. d4 cxd4 4. Nxd4 Nf6 5. Nc3 a6 6. h3 e5 7. Nde2 Be6 8. g4 d5 9. exd5 Nxd5 10. Bg2 Bb4 11. 0-0 Bxc3 12. Nxc3 Nxc3 13. Qxd8+ Kxd8 14. bxc3 Kc7 15. f4 exf4 16. Bxf4+ Kc8 17. Rab1 Nc6 18. Rb6 Na5 19. Rfb1 Ra7 20. Rd6 Nc4 21. Rd4 b5 22. Rbd1 Re8 23. Bc6 Rg8 24. a4 bxa4 25. Bxa4 Nb6 26. Bc6 Bd7 27. Be4 h6 28. Rb4 Bb5 29. Rdd4 Rd8 30. Be5 Rxd4 31. Bxd4 Rb7 32. Bxb7+ Kxb7 33. Bxb6 Kxb6 34. c4 Kc5 35. cxb5 axb5 36. Rb3 1-0

[Event "Titled Tuesday intern op 06th May Early"]
[Site "Chess.com INT"]
[Date "2025.05.06"]
[Round "8"]
[White "Toroptseva, Yevheniia"]
[Black "Jimenez Carrazoni, Marta Elena"]
[Result "1-0"]
[WhiteElo "2064"]
[BlackElo "1968"]
[PlyCount "97"]
[EventDate "2025.05.06"]
[EventType "swiss (blitz)"]
[EventRounds "11"]
[EventCountry "USA"]
[SourceTitle "CB20_2025"]
[SourceDate "2025.05.14"]
[SourceVersion "1"]
[SourceVersionDate "2025.05.14"]
[SourceQuality "1"]

1. e4 c5 2. Nf3 Nc6 3. c3 Nf6 4. e5 Nd5 5. d4 cxd4 6. cxd4 d6 7. Bc4 dxe5 8. Nxe5 e6 9. 0-0 Be7 10. Nxc6 bxc6 11. Nc3 0-0 12. Be3 Bf6 13. Ne4 Be7 14. Nc3 Rb8 15. Qe2 Qb6 16. Bb3 a5 17. Na4 Qc7 18. Rac1 Nxe3 19. fxe3 Bd6 20. h3 Ra8 21. Qf3 Bb7 22. Nc5 Bxc5 23. Rxc5 a4 24. Bc2 Qb6 25. Be4 Ra5 26. Bxh7+ Kxh7 27. Qh5+ Kg8 28. Rxa5 Qxb2 29. Rg5 Qd2 30. Rg3 c5 31. Qh6 Qxg2+ 32. Rxg2 Bxg2 33. Qg5 Bxf1 34. Kxf1 cxd4 35. exd4 Rb8 36. Qd2 a3 37. Qd3 Ra8 38. Qb3 g6 39. Kf2 Kg7 40. Kf3 Kg8 41. Ke4 Ra5 42. Qb8+ Kg7 43. Qb3 Kg8 44. Qb4 Rh5 45. Qxa3 Rh4+ 46. Ke5 Kg7 47. Qe3 Rh5+ 48. Kd6 Rd5+ 49. Kc6 1-0

[Event "Titled Tuesday intern op 25th Mar Early"]
[Site "Chess.com INT"]
[Date "2025.03.25"]
[Round "6"]
[White "Jimenez Carrazoni, Marta Elena"]
[Black "Guliev, Gasan"]
[Result "0-1"]
[WhiteElo "1937"]
[BlackElo "2123"]
[PlyCount "106"]
[EventDate "2025.03.25"]
[EventType "swiss (blitz)"]
[EventRounds "11"]
[EventCountry "USA"]
[SourceTitle "CB14_2025"]
[SourceDate "2024.11.01"]
[SourceVersion "1"]
[SourceVersionDate "2024.11.01"]
[SourceQuality "1"]

1. c4 e6 2. g3 Nf6 3. Bg2 d5 4. cxd5 exd5 5. d4 c6 6. Nc3 Bb4 7. Bg5 h6 8. Bd2 0-0 9. Nf3 Re8 10. 0-0 Bf5 11. a3 Bd6 12. Re1 Ne4 13. Nh4 Bh7 14. Nxe4 dxe4 15. Bh3 Qf6 16. Ng2 Qxd4 17. Bxh6 Be5 18. Bc1 Qxd1 19. Rxd1 Na6 20. Ne3 Rad8 21. Kf1 Nc5 22. Ke1 Nb3 23. Rb1 Rxd1+ 24. Kxd1 Rd8+ 25. Kc2 Nd4+ 26. Kd1 Nb3+ 27. Ke1 Nxc1 28. Rxc1 Bxb2 29. Rb1 Bc3+ 30. Kf1 b5 31. Bf5 Bd4 32. Bxh7+ Kxh7 33. Nf5 Bb6 34. Ne7 Rd6 35. Nf5 Rf6 36. g4 g6 37. Ng3 Rxf2+ 38. Ke1 Rg2 39. Nf1 Rxg4 40. Rd1 Ba5+ 41. Kf2 Rf4+ 42. Kg2 Bb6 43. Rd7 Rf2+ 44. Kg1 Rxe2+ 45. Kh1 Re1 46. Rxf7+ Kg8 47. Rf4 e3 48. Kg2 e2 49. Ng3 Rg1+ 50. Kh3 e1Q 51. Rf3 Qe6+ 52. Kh4 Bd8+ 53. Rf6 Bxf6# 0-1

[Event "Titled Tuesday intern op 25th Mar Early"]
[Site "Chess.com INT"]
[Date "2025.03.25"]
[Round "7"]
[White "Rodriguez, Santiago"]
[Black "Jimenez Carrazoni, Marta Elena"]
[Result "1-0"]
[WhiteElo "2252"]
[BlackElo "1937"]
[PlyCount "85"]
[EventDate "2025.03.25"]
[EventType "swiss (blitz)"]
[EventRounds "11"]
[EventCountry "USA"]
[SourceTitle "CB14_2025"]
[SourceDate "2024.11.01"]
[SourceVersion "1"]
[SourceVersionDate "2024.11.01"]
[SourceQuality "1"]

1. d4 e6 2. e4 d5 3. Nc3 Bb4 4. Nge2 dxe4 5. a3 Ba5 6. b4 Bb6 7. Nxe4 Nc6 8. Bb2 Nf6 9. Nxf6+ Qxf6 10. c4 a5 11. b5 Ne7 12. Ng3 e5 13. c5 Ba7 14. dxe5 Qe6 15. Rc1 Ng6 16. Bc4 Qe7 17. Nf5 Bxf5 18. 0-0 Rd8 19. Qa4 0-0 20. Qxa5 Bxc5 21. Rfe1 b6 22. Qc3 Be6 23. Bf1 Bd4 24. Qc2 Bxb2 25. Qxb2 Ra8 26. Rc3 Rfd8 27. Rec1 Rd7 28. g3 Bd5 29. Re3 Nf8 30. h4 Ne6 31. Bh3 Rad8 32. f4 Bb7 33. f5 Rd1+ 34. Re1 Rxc1 35. Qxc1 Nc5 36. f6 Qe8 37. Qg5 Qf8 38. e6 Ne4 39. Rxe4 Bxe4 40. e7 Rd1+ 41. Kf2 Rd2+ 42. Ke3 Rd3+ 43. Kxe4 1-0

[Event "ESP-ch U14 rapid"]
[Site "Salobrena"]
[Date "2024.07.21"]
[Round "6"]
[White "Garigorta Martinez, Ibai"]
[Black "Jimenez Carrazoni, Marta Elena"]
[Result "0-1"]
[WhiteElo "1805"]
[BlackElo "1884"]
[PlyCount "134"]
[EventDate "2024.07.20"]
[EventType "swiss (rapid)"]
[EventRounds "9"]
[EventCountry "ESP"]
[SourceTitle "CBM 221 Extra"]
[Source "ChessBase"]
[SourceDate "2024.09.30"]
[SourceVersion "1"]
[SourceVersionDate "2024.09.30"]
[SourceQuality "1"]

1. e4 c6 2. d4 d5 3. e5 Bf5 4. g4 Bd7 5. Nc3 e6 6. Be3 Bb4 7. Qd2 Ne7 8. Bd3 c5 9. dxc5 d4 10. Bxd4 Bc6 11. Be4 Bxe4 12. f3 Bc6 13. 0-0-0 Nd5 14. Nge2 Nd7 15. a3 Bxc5 16. Ne4 Be7 17. c4 N5b6 18. c5 Bxe4 19. fxe4 Nxc5 20. Kb1 Qc7 21. Qe3 Nc4 22. Qc3 Nxe4 23. Qd3 Ned2+ 24. Rxd2 Nxd2+ 25. Qxd2 Qc6 26. Rc1 Qe4+ 27. Ka1 0-0 28. Nc3 Qg6 29. Be3 Rfd8 30. Qg2 Qd3 31. Bf4 Qd4 32. Ne2 Qd5 33. Qf2 Rac8 34. Nc3 Qd4 35. Qf3 Qd3 36. Qxb7 Bxa3 37. Qb3 Be7 38. Qb7 Bf8 39. Bg5 Rb8 40. Qc6 Rdc8 41. Qa4 Qc4 42. Qxc4 Rxc4 43. h3 Bb4 44. Ne2 Rxc1+ 45. Nxc1 h6 46. Be3 Rc8 47. Nd3 Be7 48. Kb1 a6 49. Bd2 Bg5 50. Bc3 Rd8 51. Kc2 Be7 52. b4 Rc8 53. Kb3 f6 54. Kb2 Kf7 55. exf6 gxf6 56. Bd4 Rd8 57. Kc3 e5 58. Bc5 e4 59. Nf4 Rc8 60. Kc4 e3 61. Ne2 Rd8 62. Bxe3 Bf8 63. Nd4 Rc8+ 64. Kb3 Re8 65. Nf5 Re4 66. Bd2 Kg6 67. Ka4 Re2 0-1

[Event "ESP-ch U14 rapid"]
[Site "Salobrena"]
[Date "2024.07.21"]
[Round "8"]
[White "Jimenez Carrazoni, Marta Elena"]
[Black "Zhao, Yuyang"]
[Result "1-0"]
[WhiteElo "1884"]
[BlackElo "1705"]
[PlyCount "63"]
[EventDate "2024.07.20"]
[EventType "swiss (rapid)"]
[EventRounds "9"]
[EventCountry "ESP"]
[SourceTitle "CBM 221 Extra"]
[Source "ChessBase"]
[SourceDate "2024.09.30"]
[SourceVersion "1"]
[SourceVersionDate "2024.09.30"]
[SourceQuality "1"]

1. d4 d5 2. Nc3 Nf6 3. Bf4 e6 4. Nb5 Bb4+ 5. c3 Ba5 6. Qa4 Nc6 7. e3 a6 8. Na3 b5 9. Qc2 0-0 10. Bd3 h6 11. Nf3 Bb7 12. h3 Ne7 13. 0-0 Ne4 14. Nb1 f5 15. Ne5 c5 16. f3 c4 17. Be2 Nf6 18. Nd2 Bc7 19. a4 Nc6 20. Ng6 Re8 21. axb5 axb5 22. Rxa8 Bxa8 23. Ra1 Bxf4 24. Nxf4 Qd6 25. Bf1 g5 26. Ne2 Nh5 27. e4 fxe4 28. fxe4 Nf4 29. e5 Nxe2+ 30. Bxe2 Qd7 31. Qg6+ Qg7 32. Qxe8+ 1-0

[Event "ESP-ch U14"]
[Site "Salobrena"]
[Date "2024.07.17"]
[Round "5"]
[White "Garcia Rodriguez, Adriana"]
[Black "Jimenez Carrazoni, Marta Elena"]
[Result "1/2-1/2"]
[WhiteElo "1837"]
[BlackElo "1908"]
[PlyCount "122"]
[EventDate "2024.07.15"]
[EventType "swiss"]
[EventRounds "9"]
[EventCountry "ESP"]
[SourceTitle "EXT 2025"]
[Source "ChessBase"]
[SourceDate "2024.10.14"]
[SourceVersion "1"]
[SourceVersionDate "2024.10.14"]
[SourceQuality "1"]

1. e4 c6 2. d4 d5 3. e5 Bf5 4. h4 h5 5. Bd3 Bxd3 6. Qxd3 Qa5+ 7. Nd2 e6 8. Ngf3 Qa6 9. c4 Bb4 10. b3 Ne7 11. 0-0 Nf5 12. a4 Nd7 13. Ba3 Qa5 14. Bxb4 Qxb4 15. Rac1 0-0 16. cxd5 cxd5 17. Rc7 Nb6 18. Ra1 Rab8 19. a5 Na8 20. Rd7 Rfc8 21. Nb1 Rc1+ 22. Kh2 a6 23. Ra2 Rbc8 24. Nbd2 Nh6 25. Ra4 Qb5 26. Qxb5 axb5 27. Rb4 Nc7 28. Rd6 Nf5 29. Rd7 Kf8 30. Ng5 Nh6 31. Rd6 Ke7 32. Ndf3 Nf5 33. Rb6 f6 34. Nh3 Ra1 35. Rxb7 Rxa5 36. Nf4 Kd7 37. Rb6 Rh8 38. Nd3 Re8 39. Nf4 Rea8 40. Nxh5 R8a6 41. Rb8 Ra8 42. Rxa8 Rxa8 43. exf6 gxf6 44. Nxf6+ Kc6 45. Ne5+ Kb6 46. Nfd7+ Kb7 47. Nc5+ Kc8 48. h5 Kd8 49. g4 Nd6 50. h6 Ke7 51. g5 Nf7 52. Ng6+ Kd6 53. f4 Rg8 54. Nh4 Nxg5 55. fxg5 Rxg5 56. Nb7+ Kd7 57. Nc5+ Kc6 58. Nf3 Rh5+ 59. Kg3 Rxh6 60. Ne5+ Kb6 61. Ncd7+ Kb7 1/2-1/2